Statistics for Every NBA Team's Best Scorer

Click here to take the quiz!

General Stats

  • This quiz has been taken 164 times
    (105 since last reset)
  • The average score is 20 of 30

Answer Stats

TeamPlayer% Correct
LALLeBron James
92%
GSWSteph Curry
88%
ATLTrae Young
85%
BOSJayson Tatum
84%
DALLuka Doncic
82%
DENNikola Jokic
80%
MEMJa Morant
79%
CHALaMelo Ball
76%
PHODevin Booker
75%
PHIJoel Embiid
74%
LACPaul George
74%
CHIDeMar DeRozan
73%
MILGiannis Antetokounmpo
73%
CLEDonovan Mitchell
72%
NOPZion Williamson
71%
MINAnthony Edwards
69%
PORDamian Lillard
69%
SACDe'Aaron Fox
67%
OKLShai Gilgeous-Alexander
66%
NYKJalen Brunson
62%
INDTyrese Haliburton
61%
ORLPaolo Banchero
60%
BKNMikal Bridges
59%
MIATyler Herro
59%
TORPascal Siakam
58%
WASBradley Beal
55%
HOUJalen Green
52%
DETBojan Bogdanovic
34%
SASKeldon Johnson
32%
UTALauri Markanen
28%

Score Distribution

Percentile by Number Answered

Percent of People with Each Score

Your Score History

You have not taken this quiz since the last reset